Que la ciencia te acompañe : (Registro nro. 49906)
[ vista simple ]
| 000 -LEADER | |
|---|---|
| campo de control de longitud fija | 00943nam a2200313 a 4500 |
| 001 - NÚMERO DE CONTROL | |
| campo de control | 49906 |
| 003 - IDENTIFICADOR DE NÚMERO DE CONTROL | |
| campo de control | AR-BaAGN |
| 005 - FECHA Y HORA DE LA ÚLTIMA TRANSACCIÓN | |
| campo de control | 20231117134905.0 |
| 007 - CAMPO FIJO DE DESCRIPCIÓN FÍSICA--INFORMACIÓN GENERAL | |
| campo de control de longitud fija | ta |
| 008 - DATOS DE LONGITUD FIJA--INFORMACIÓN GENERAL | |
| campo de control de longitud fija | s2019 ag |||||r|||| ||| ||spa d |
| 040 ## - FUENTE DE CATALOGACIÓN | |
| Centro catalogador/agencia de origen | AR-BaAGN |
| Lengua de catalogación | español |
| Normas de descripción | aacr |
| 942 ## - ELEMENTOS DE ENTRADA SECUNDARIOS (KOHA) | |
| Tipo de ítem Koha | Libro |
| Suprimir en OPAC | No |
| 100 1# - ENTRADA PRINCIPAL--NOMBRE DE PERSONA | |
| ID autoridades | 5079 |
| Nombre de persona | Mileo, Agostina, |
| Fechas asociadas al nombre | 1987- |
| 245 10 - MENCIÓN DEL TÍTULO | |
| Título | Que la ciencia te acompañe : |
| Resto del título | (a luchar por tus derechos) / |
| Mención de responsabilidad, etc. | Agostina Mileo. |
| 250 ## - MENCION DE EDICION | |
| Mención de edición | 1a ed. |
| 260 ## - PUBLICACIÓN, DISTRIBUCIÓN, ETC. | |
| Lugar de publicación, distribución, etc. | Buenos Aires : |
| Nombre del editor, distribuidor, etc. | Debate, |
| Fecha de publicación, distribución, etc. | 2019. |
| 300 ## - DESCRIPCIÓN FÍSICA | |
| Extensión | 190 páginas : |
| Otras características físicas | diagramas ; |
| Dimensiones | 22 cm. |
| 336 ## - TIPO DE CONTENIDO | |
| Fuente | rdacontent |
| Código de tipo de contenido | texto |
| 337 ## - TIPO DE MEDIO | |
| Fuente | rdamedia |
| Código del tipo de medio | no mediado |
| 338 ## - TIPO DE SOPORTE | |
| Fuente | rdacarrier |
| Código del tipo de soporte | volumen |
| 490 1# - MENCIÓN DE SERIE | |
| Mención de serie | Colección Nueva Ola |
| 500 ## - NOTA GENERAL | |
| Nota general | Bibliografía: p. 179-190. |
| 500 ## - NOTA GENERAL | |
| Nota general | Incluye notas y referencias bibliográficas a pie de página. |
| 650 #4 - PUNTO DE ACCESO ADICIONAL DE MATERIA--TÉRMINO DE MATERIA | |
| Término de materia o nombre geográfico como elemento de entrada | FEMINISMO |
| ID autoridades | 83 |
| 650 #4 - PUNTO DE ACCESO ADICIONAL DE MATERIA--TÉRMINO DE MATERIA | |
| Término de materia o nombre geográfico como elemento de entrada | ESTUDIO DE GÉNERO |
| ID autoridades | 85 |
| 650 #4 - PUNTO DE ACCESO ADICIONAL DE MATERIA--TÉRMINO DE MATERIA | |
| ID autoridades | 2802 |
| Término de materia o nombre geográfico como elemento de entrada | ABORTO |
| 655 ## - TERMINO DE INDIZACIÓN--GENERO/FORMA | |
| Término de género/forma | Ensayos |
| 700 1# - ENTRADA AGREGADA--NOMBRE PERSONAL | |
| Nombre de persona | D'Alessandro, Mercedes, |
| Término indicativo de función/relación | prologuista |
| Fechas asociadas al nombre | 1978- |
| ID autoridades | 4559 |
| Estado de retiro | Estado de pérdida | Fuente del sistema de clasificación o colocación | Estado de conservación | Biblioteca actual | Ubicación en estantería | Signatura topográfica completa | Código de barras | Tipo de ítem Koha |
|---|---|---|---|---|---|---|---|---|
| Clasificación Decimal Dewey | Biblioteca del Archivo General de la Nación | AGN - Biblioteca | AGN 21125 | AGN-21125 | Libro |
